THEORY AND DESIGN OF PLATE AND SHELL STRUCTURES (Record no. 546821)

000 -LEADER
fixed length control field 00480 a2200157 4500
020 ## - INTERNATIONAL STANDARD BOOK NUMBER
International Standard Book Number 0-412-98181-5
082 ## - DEWEY DECIMAL CLASSIFICATION NUMBER
Classification number 624.1776 JAW
Author Mark L-20-P-218
090 ## - LOCALLY ASSIGNED LC-TYPE CALL NUMBER (OCLC); LOCAL CALL NUMBER (RLIN)
-- 2831
-- 2831
100 ## - MAIN ENTRY--PERSONAL NAME
Personal name JAWAD, MAAN H
9 (RLIN) 43019
245 ## - TITLE STATEMENT
Title THEORY AND DESIGN OF PLATE AND SHELL STRUCTURES
260 ## - PUBLICATION, DISTRIBUTION, ETC.
Place of publication, distribution, etc. NEW YARK
Name of publisher, distributor, etc. CHAPMAN AND HALL
Date of publication, distribution, etc. 1994
300 ## - PHYSICAL DESCRIPTION
Extent XV, 423P.
Other physical details ILL
Dimensions 24CM
500 ## - GENERAL NOTE
General note THEORY OF STRUCTURES
526 ## - STUDY PROGRAM INFORMATION NOTE
Program name 0
Interest level 0
Reading level 0
Title point value 624_177600000000000_JAW_L20P21
942 ## - ADDED ENTRY ELEMENTS (KOHA)
Source of classification or shelving scheme
Institution code [OBSOLETE] MCE
Koha item type
Call number prefix 624.1776 JAW
Holdings
Withdrawn status Lost status Source of classification or shelving scheme Damaged status Not for loan Permanent Location Current Location Date acquired Total Checkouts Full call number Barcode Date last seen Price effective from Koha item type
          Military College of Engineering (MCE) Military College of Engineering (MCE) 06/20/2014   624.1776 JAW L-20-P-218 MCE-28512 06/20/2014 06/20/2014  
© 2023 Central Library, National University of Sciences and Technology. All Rights Reserved.